Fallen : [a novel] /

Georgia Bureau of Investigations Agent Faith Mitchell arrives at her mother's house and finds the front door open and blood on the doorknob. Inside she finds a dead body and a hostage situation unfolding in the other room. However, her mother is nowhere in sight. When the scene turns even deadl...

Full description

Bibliographic Details
Main Author: Slaughter, Karin, 1971-
Corporate Author: AudioGO (Firm)
Other Authors: Cochran, Shannon (Narrator)
Format: CD Audio Book
Language:English
Published: North Kingstown, RI : Audiogo, [2011]
Edition:Unabridged.
Subjects:

MARC

Tag First Indicator Second Indicator Subfields
LEADER 00000cim a2200000Ia 4500
001 in00002701621
005 20151202122944.0
007 sd fmngnnmmned
008 110330s2011 riunnnne f n eng d
019 |a 701019520  |a 711737499 
020 |a 9781609982645 
020 |a 1609982649 
020 |a 9780792777687 
020 |a 0792777689 
024 1 |a 883761982644 
028 0 2 |a SLD2257  |b Audiogo 
035 |a (OCoLC)ocn710899626 
040 |a TOH  |c TOH  |d TEF  |d YW6  |d BBCAA  |d ORX  |d BTCTA  |d TXA  |d UtOrBLW 
043 |a n-us-ga 
049 |a TXAM 
050 4 |a PS3569.L275  |b F37 2011b 
082 0 4 |a 813/.54  |2 22 
100 1 |a Slaughter, Karin,  |d 1971- 
245 1 0 |a Fallen :  |b [a novel] /  |c Karin Slaughter. 
250 |a Unabridged. 
264 1 |a North Kingstown, RI :  |b Audiogo,  |c [2011] 
264 4 |c ℗2011 
300 |a 11 sound discs (13 hr., 25 min.) :  |b digital ;  |c 4 3/4 in. 
306 |a 132100 
336 |a spoken word  |b spw  |2 rdacontent 
337 |a audio  |b s  |2 rdamedia 
338 |a audio disc  |b sd  |2 rdacarrier 
500 |a Subtitle from container. 
511 0 |a Narrated by Shannon Cochran. 
500 |a Compact discs. 
520 |a Georgia Bureau of Investigations Agent Faith Mitchell arrives at her mother's house and finds the front door open and blood on the doorknob. Inside she finds a dead body and a hostage situation unfolding in the other room. However, her mother is nowhere in sight. When the scene turns even deadlier, Faith becomes a suspect and relies on her partner Will Trent and doctor Sara Linton to make sense of what happened at her mother's home. 
500 |a Sound recording. 
650 0 |a Policewomen  |v Fiction. 
650 0 |a Police  |z Georgia  |v Fiction. 
650 0 |a Police corruption  |v Fiction. 
650 0 |a Murder  |x Investigation  |v Fiction. 
650 0 |a Missing persons  |v Fiction. 
651 0 |a Georgia  |v Fiction. 
655 7 |a Mystery fiction.  |2 gsafd 
655 7 |a Suspense fiction.  |2 gsafd 
655 7 |a Audiobooks.  |2 lcgft 
700 1 |a Cochran, Shannon,  |e narrator. 
710 2 |a AudioGO (Firm) 
948 |a cataloged  |b h  |c 2011/8/3  |d c  |e ceaton  |f 1:32:58 pm 
994 |a C0  |b TXA 
999 |a MARS 
999 f f |s 4fa80df1-f16c-3bcf-a4fa-a7ff28fac138  |i 2aac6491-22b0-3914-8380-4ce784bed98f  |t 0 
952 f f |p ric  |a Texas A&M University  |b Rellis Campus  |c Joint Library Facility  |d Remote Storage  |t 0  |e PS3569.L275 F37 2011b  |h Library of Congress classification  |i audio -- audio disc  |m A14841113990 
998 f f |a PS3569.L275 F37 2011b  |t 0  |l Remote Storage